[Event "Challenge"]
[Site "http://www.queenalice.com/game.php?id=642321"]
[Date "2009.8.25"]
[Round "-"]
[White "Ludus"]
[Black "zegan13"]
[Result "1-0"]
[WhiteElo "2174"]
[BlackElo "1803"]

1. e4 e6 2. d4 d5 3. Nc3 Nf6 4. Bg5 Bb4 5. e5 h6 6. Bd2 Bxc3 7. bxc3 Ne4 8. Bd3
Nxd2 9. Qxd2 c5 10. f4 Nc6 11. Nf3 Qa5 12. c4 Qxd2+ 13. Kxd2 1-0

[Event "Challenge"]
[Site "http://www.queenalice.com/game.php?id=652606"]
[Date "2009.9.15"]
[Round "-"]
[White "Ludus"]
[Black "Buuuu"]
[Result "1-0"]
[WhiteElo "2175"]
[BlackElo "2128"]

1. c4 Nc6 2. d4 d5 3. Nf3 Bg4 4. Ne5 Nxe5 5. dxe5 dxc4 6. Qxd8+ Rxd8 7. f3 Be6
8. e4 g6 9. Na3 Bg7 10. Bf4 g5 11. Bg3 h5 12. h3 Rh6 13. Rc1 g4 14. hxg4 hxg4
15. Rxh6 Bxh6 16. f4 Rd4 17. Bxc4 Rxe4+ 18. Kf2 Bxf4 19. Bxf4 Rxf4+ 20. Kg3 Re4
21. Bxe6 fxe6 22. Rxc7 Rb4 23. b3 Nh6 24. Rc4 Rxc4 25. Nxc4 Kd7 26. Kf4 Nf5 27.
Kxg4 b5 28. Nd2 Ke8 29. Kf4 Kf7 30. Nf3 Nd4 31. Nxd4 1-0

[Event "Challenge"]
[Site "http://www.queenalice.com/game.php?id=656040"]
[Date "2009.9.21"]
[Round "-"]
[White "Ludus"]
[Black "insomnia69"]
[Result "1/2-1/2"]
[WhiteElo "2174"]
[BlackElo "2214"]

1. d4 Nf6 2. c4 c5 3. Nf3 g6 4. Nc3 Bg7 5. g3 O-O 6. Bg2 d6 7. O-O Nbd7 8. d5 a6
9. a4 Rb8 10. e4 Ng4 11. h3 Nge5 12. Nxe5 Nxe5 13. Qe2 f5 14. f4 Nf7 15. Re1
fxe4 16. Nxe4 Bf5 17. g4 Bd7 18. Nc3 Qc7 19. Be3 Rfe8 20. Qd3 b6 21. Bf2 Qb7 22.
Bf1 Qc8 23. Re2 Qb7 24. Ree1 Qc8 25. Ra2 g5 26. f5 Ne5 27. Qe3 h6 28. b3 Rf8
1/2-1/2

[Event "Challenge"]
[Site "http://www.queenalice.com/game.php?id=656442"]
[Date "2009.9.22"]
[Round "-"]
[White "insomnia69"]
[Black "Ludus"]
[Result "1/2-1/2"]
[WhiteElo "2213"]
[BlackElo "2175"]

1. d4 e6 2. c4 Nf6 3. Nc3 Bb4 4. Qc2 d5 5. a3 Be7 6. Nf3 O-O 7. Bg5 Nbd7 8. e3
c6 9. cxd5 exd5 10. Bd3 Re8 11. O-O h6 12. Bf4 Bf8 13. h3 Qe7 14. b4 Ne4 15. b5
Nxc3 16. Qxc3 c5 17. dxc5 Nxc5 18. Rfd1 Be6 19. Nd4 Rac8 20. Qd2 Qd7 21. Rac1
Nxd3 22. Qxd3 Rxc1 23. Rxc1 Rc8 24. Rxc8 Qxc8 25. Nxe6 fxe6 26. a4 Qc1+ 27. Kh2
Qc4 28. Qg6 d4 29. exd4 Qxd4 30. Qxe6+ Kh7 31. Bg3 Qxa4 1/2-1/2

[Event "Challenge"]
[Site "http://www.queenalice.com/game.php?id=658443"]
[Date "2009.9.26"]
[Round "-"]
[White "li2carpio"]
[Black "Ludus"]
[Result "0-1"]
[WhiteElo "1818"]
[BlackElo "2186"]

1. e4 c5 2. Nf3 e6 3. d4 cxd4 4. Nxd4 Nc6 5. Nc3 a6 6. a3 Qc7 7. Nf3 b5 8. Be2
Bb7 9. O-O Nf6 10. h3 Bc5 11. Be3 Bxe3 12. fxe3 O-O 13. e5 Nxe5 14. Qe1 Rac8 15.
Qg3 Nxf3+ 16. Bxf3 Qxg3 0-1

[Event "Challenge"]
[Site "http://www.queenalice.com/game.php?id=694788"]
[Date "2009.12.8"]
[Round "-"]
[White "Ludus"]
[Black "extermination"]
[Result "1-0"]
[WhiteElo "2196"]
[BlackElo "1796"]

1. e4 e5 2. Nf3 Nc6 3. Bb5 a6 4. Ba4 Bc5 5. O-O b5 6. Bb3 Nf6 7. c3 Nxe4 8. d4
Bb6 9. Bd5 Nf6 10. Bg5 Rb8 11. dxe5 h6 12. exf6 hxg5 13. fxg7 Rg8 14. Re1+ Ne7
15. Nxg5 Rxg7 16. Nxf7 Rxf7 17. Qh5 1-0

[Event "Challenge"]
[Site "http://www.queenalice.com/game.php?id=724746"]
[Date "2010.2.2"]
[Round "-"]
[White "Rafvanmar"]
[Black "Ludus"]
[Result "1-0"]
[WhiteElo "2160"]
[BlackElo "2185"]

1. d4 d5 2. c4 dxc4 3. e4 Nf6 4. Nc3 e5 5. Nf3 exd4 6. Nxd4 a6 7. Bg5 c5 8. Nf3
Be7 9. Bxc4 O-O 10. O-O Nc6 11. e5 Ng4 12. Bf4 Be6 13. Bd5 Kh8 14. h3 Nh6 15.
Bxh6 gxh6 16. Qb3 Na5 17. Qc2 Rg8 18. Rad1 Qf8 19. Kh2 Qg7 20. Rg1 Nc6 21. Bxc6
bxc6 22. Qa4 Rgc8 23. Rd2 Qg6 24. b3 c4 25. bxc4 Qh5 26. Ne2 Bg5 27. Nxg5 hxg5
28. c5 g4 29. Qf4 Qg6 30. hxg4 Bxg4 31. Re1 Rg8 32. Ng3 Be6 33. Rd6 Rac8 34. a4
Qg4 35. Qxg4 Rxg4 36. Ne4 Rb8 37. f3 Rh4+ 38. Kg3 Rh5 39. Rxc6 Rxe5 40. Rxa6 Bd5
41. Kf4 Re7 42. Rd6 1-0

[Event "Challenge"]
[Site "http://www.queenalice.com/game.php?id=724747"]
[Date "2010.2.2"]
[Round "-"]
[White "Ludus"]
[Black "cme"]
[Result "1-0"]
[WhiteElo "2173"]
[BlackElo "2096"]

1. e4 e5 2. Nf3 Nc6 3. Bb5 a6 4. Ba4 Nf6 5. O-O Be7 6. Re1 O-O 7. d3 b5 8. Bb3
Bb7 9. c3 d6 10. Nbd2 Na5 11. Bc2 c5 12. d4 Qd7 13. dxe5 dxe5 14. Nxe5 Qe6 15.
Nef3 Rfd8 16. Qe2 Rd6 17. e5 Rd7 18. exf6 Qxf6 19. Ne4 Qc6 20. Ne5 Qe6 21. Nxd7
Qxd7 22. Ng5 Re8 23. Bxh7+ Kf8 24. Qh5 Bxg5 25. Bxg5 Qc6 26. Be4 1-0

[Event "Challenge"]
[Site "http://www.queenalice.com/game.php?id=761590"]
[Date "2010.4.15"]
[Round "-"]
[White "thewhitebishop"]
[Black "Ludus"]
[Result "0-1"]
[WhiteElo "1986"]
[BlackElo "2184"]

1. d4 d5 2. c4 e6 3. Nc3 Nf6 4. cxd5 exd5 5. Bg5 Be7 6. e3 c6 7. Bd3 Bg4 8. f3
Bh5 9. Nge2 Bg6 10. Bxg6 hxg6 11. Qb3 Qb6 12. Qxb6 axb6 13. O-O Nbd7 14. e4 dxe4
15. fxe4 Rh5 16. Bf4 Rha5 17. a3 b5 18. e5 Ng8 19. Bd2 Nb6 20. Na2 R5a6 21. Bb4
Nd5 22. Bxe7 Ngxe7 23. Rf3 b4 24. Rh3 bxa3 25. b3 Kd7 26. Rf1 Ke6 27. g4 Rb6 28.
g5 Nf5 29. Nf4+ Nxf4 30. Rxf4 Rd8 31. Rd3 c5 32. dxc5 Rxd3 33. cxb6 Rxb3 34. Rf2
Rxb6 35. Nc3 Rb2 0-1

[Event "Challenge"]
[Site "http://www.queenalice.com/game.php?id=956889"]
[Date "2011.7.4"]
[Round "-"]
[White "Ludus"]
[Black "Nico27"]
[Result "1-0"]
[WhiteElo "2180"]
[BlackElo "2111"]

1. d4 Nf6 2. c4 g6 3. Nc3 d5 4. cxd5 Nxd5 5. Bd2 Bg7 6. e4 Nxc3 7. Bxc3 O-O 8.
Bc4 a6 9. a4 Nd7 10. Ne2 Nf6 11. Qc2 c6 12. O-O Bd7 13. a5 Qc7 14. Bb4 Rfe8 15.
Qb3 e6 16. f3 Bf8 17. Bc3 Bg7 18. Rfc1 Rad8 19. Be1 Nh5 20. g3 Bc8 21. e5 Bh6
22. f4 Ng7 23. g4 Bxf4 24. Nxf4 Rxd4 25. Qe3 Red8 26. Be2 Qe7 27. Rd1 c5 28. Bc3
Rxd1+ 29. Rxd1 Rxd1+ 30. Bxd1 Bd7 31. Bf3 Bb5 32. Nh3 Qh4 33. Nf2 Qe7 34. Ne4
1-0

[Event "Challenge"]
[Site "http://www.queenalice.com/game.php?id=956948"]
[Date "2011.7.5"]
[Round "-"]
[White "Ludus"]
[Black "wombat"]
[Result "0-1"]
[WhiteElo "2190"]
[BlackElo "2259"]

1. d4 Nf6 2. c4 e6 3. g3 Bb4+ 4. Bd2 Be7 5. Bg2 d5 6. Nf3 O-O 7. Qc2 c6 8. O-O
b6 9. cxd5 cxd5 10. Bf4 Bb7 11. Nc3 Nc6 12. Rfc1 Rc8 13. Qd1 Ne4 14. Ne5 Nxe5
15. Bxe5 Nxc3 16. Rxc3 Rxc3 17. bxc3 Qd7 18. Bf4 Rc8 19. Bd2 Rc4 20. Qb3 Ra4 21.
e3 Qc6 22. Bf1 Ba6 23. Bxa6 Rxa6 24. a4 b5 25. Bc1 Qc4 26. Qxc4 dxc4 27. Kf1
Rxa4 28. Rxa4 bxa4 29. Ke2 a3 30. Kd2 a2 31. Bb2 Ba3 32. Ba1 a5 0-1

[Event "Challenge"]
[Site "http://www.queenalice.com/game.php?id=956949"]
[Date "2011.7.5"]
[Round "-"]
[White "cklasa"]
[Black "Ludus"]
[Result "1/2-1/2"]
[WhiteElo "2172"]
[BlackElo "2180"]

1. e4 e6 2. d4 d5 3. Nc3 Bb4 4. e5 b6 5. Qg4 Bf8 6. Bg5 Qd7 7. O-O-O Ba6 8. Nh3
Ne7 9. Bxa6 Nxa6 10. a3 O-O-O 11. Qe2 Kb7 12. f4 Rc8 13. Bxe7 Bxe7 14. Qg4 g6
15. Ng5 Rcf8 16. h4 h6 17. Nf3 h5 18. Qh3 Nb8 19. g3 Nc6 20. Qf1 Na5 21. Qd3 Nc4
22. Nd2 b5 23. Nxc4 bxc4 24. Qe3 Ka8 25. Kd2 Rb8 26. Rb1 c5 27. Ne2 cxd4 28.
Nxd4 Bc5 29. Rhd1 Rb6 30. Qc3 Rhb8 31. b4 Bxd4 32. Qxd4 c3+ 33. Kxc3 Rc8+ 34.
Kb2 Qa4 35. c3 Rc4 36. Qd3 Rbc6 37. Rbc1 Ra6 38. Ra1 Rac6 39. Rdc1 Kb8 40. Qc2
Qxc2+ 41. Rxc2 Re4 42. Rd1 Rcc4 43. Rcd2 Re3 1/2-1/2

[Event "Challenge"]
[Site "http://www.queenalice.com/game.php?id=1000826"]
[Date "2011.10.23"]
[Round "-"]
[White "Ludus"]
[Black "wombat"]
[Result "0-1"]
[WhiteElo "2190"]
[BlackElo "2287"]

1. e4 c6 2. d4 d5 3. Nc3 dxe4 4. Nxe4 Nd7 5. Bc4 Ngf6 6. Ng5 e6 7. N1f3 h6 8.
Nh3 g5 9. Nd2 Nb6 10. c3 c5 11. Bb5+ Bd7 12. Bxd7+ Qxd7 13. Nb3 cxd4 14. Qxd4
O-O-O 15. Be3 Qe7 16. Qe5 Nc4 17. Qb5 Qc7 18. Rd1 Rxd1+ 19. Kxd1 a6 0-1